000 00262nam a2200109Ia 4500
999 _c14268
_d14268
082 _aRR 011 JOH
245 0 _aForeign theses in British libraries
260 _aBirmingham
_bUniversity of Birmingham
_c1971
300 _a27p.
700 _aJohnson, R.S
942 _cBK